Vyvážená orientace manažera "na výkon a na lidi"

Rešpekt k šéfovi - včera a dnes. Manažérske štýly vedenia. Ako sa zlepšovať vo vedení ľudí.

Salvato in:
Dettagli Bibliografici
Autore principale: Hekelová, Zuzana
Natura: Capitolo di libro
Lingua:ceco
Soggetti:
Tags: Aggiungi Tag
Nessun Tag, puoi essere il primo ad aggiungerne!!

MARC

LEADER 00000naa a2200000 4500
001 0165039
005 20231019115830.2
041 0 |a cze 
044 |a CZ 
245 1 0 |a Vyvážená orientace manažera "na výkon a na lidi"  |c Zuzana Hekelová 
520 |a Rešpekt k šéfovi - včera a dnes. Manažérske štýly vedenia. Ako sa zlepšovať vo vedení ľudí. 
610 2 0 |a manažéri 
610 2 0 |a vedenie ľudí 
100 1 |a Hekelová, Zuzana